To sme neprebrali

Bibliographic Details
Main Author: Zotovová, Irina (Author)
Other Authors: Pokojný, V. (Translator)
Format: Article
Language:Slovak
Subjects:

MARC

LEADER 00000nab a2200000 a 4500
001 vtls000004495
003 SK-MaSNL
005 20260303175808.0
008 150430c1978 xo 0 slo
015 |a SNBRB19rr/mm-uuuuu 
035 |a CL0014588 
040 |a SNKBUCL  |b slo  |c SNKBUCL  |e AACR2 
041 0 |a slo 
044 |a xo  |c SK 
080 |a 882-7  |2 1981 
100 1 |a Zotovová, Irina  |4 aut  |9 1204829 
245 1 0 |a To sme neprebrali  |c Irina Zotovová ; V. Pokojný 
650 0 7 |a humoristické poviedky  |2 snkbucl  |9 74226 
650 0 7 |a sovietska literatúra  |2 snkbucl  |9 22300 
650 0 7 |a rodičia  |2 snkbucl  |9 24378 
650 0 7 |a deti  |2 snkbucl  |9 773 
655 7 |a články z novín a časopisov  |2 snkbucl  |9 267496 
655 7 |a články z odboru literárna veda a krásna literatúra  |2 snkbucl  |9 770045 
700 1 |a Pokojný, V.  |4 trl  |9 1006223 
773 0 |t Roháč  |g Roč. 31, č. 22 (1978), s. 10 
850 |a Slovenská národná knižnica v Martine  |a MTA001 
852 |a SNK  |b KIS3GCP 
958 |a RK 
958 |a LX 
958 |a SK 
992 |a RBX 
999 |c 2103402  |d 2105332